000 00299nam a2200121Ia 4500
008 191201s2006 xx 000 0 und d
100 _aMILENKOVIC, Milon
245 0 _aOperating System Concepts and Design
260 _aN. Delhi
_bTMH
_c2006
300 _a755
650 _aB.Tech(CSE)
942 _2ddc
_cBK
999 _c366
_d366